|
|
|
|
| LEADER |
01077nam a2200349 4500 |
| 001 |
DLU090096626 |
| 005 |
##20091201 |
| 040 |
# |
# |
|a DLU
|b eng
|
| 041 |
# |
# |
|a eng
|
| 044 |
# |
# |
|a us
|
| 100 |
# |
# |
|a Zhou, J.
|
| 245 |
# |
# |
|a Sensitive detection of a novel class of toluene-degrading denitrifiers, Azoarcus tolulyticus, with small-subunit rRNA primers and probes /
|c J. Zhou, A. V. Palumbo, J. M. Tiedje.
|
| 653 |
# |
# |
|a Bacteria
|
| 653 |
# |
# |
|a Biodegradation
|
| 653 |
# |
# |
|a Denitrification
|
| 653 |
# |
# |
|a Detection
|
| 653 |
# |
# |
|a Isolate
|
| 653 |
# |
# |
|a Molecular probe
|
| 653 |
# |
# |
|a Pollutant
|
| 653 |
# |
# |
|a Ribosomal RNA
|
| 700 |
# |
# |
|a Palumbo, A. V.
|
| 700 |
# |
# |
|a Tiedje, J. M.
|
| 773 |
# |
# |
|t Applied and Environmental Microbiology
|g Vol. 63, no. 6 (June 1997), p. 2384-2390
|
| 920 |
# |
# |
|a Phòng Tạp chí -- Trung tâm Thông tin - Thư viện Trường Đại học Đà Lạt
|
| 994 |
# |
# |
|a DLU
|
| 900 |
# |
# |
|a True
|
| 911 |
# |
# |
|a Trương Bảo Trâm Anh
|
| 925 |
# |
# |
|a G
|
| 926 |
# |
# |
|a A
|
| 927 |
# |
# |
|a BB
|
| 980 |
# |
# |
|a Thư viện Trường Đại học Đà Lạt
|